000 00325nam a2200109Ia 4500
008 171211s9999 xx 000 0 und d
245 2 _aA Killer Chess Opening Repertoire - new enlarged edition
245 _cAaron Summerscale
260 _c2010
650 _xANIMALS
856 _uhttp://down.ebook777.com/042/9781906454180.pdf
999 _c348502
_d348502